000 00730nam a2200205Ia 4500
001 2624
003 GE_BSU
008 181216s||||||||xx |||||||||||||| ||und||
040 _cGE_BSU
080 _a581.1(075.8)
100 _aჭკუასელი, თ.ი.
245 _aფესვური კვების ფიზიოლოგია.
245 _bსახელმძღვანელო ბიოლოგიური სპეც. სტუდენტებისათვის
260 _aთბილისი
260 _bგანათლება
260 _c1974
300 _a335 გვ.
653 _aფესვური კვების ფიზიოლოგია.
942 _cBK
999 _c36695
_d36695